Eastern Utah Libraries Catalog: Duchesne, Heber, Roosevelt, & Vernal

A horse named Sky / (Record no. 406596)

MARC details
000 -LEADER
fixed length control field 01978pam a2200493 i 4500
001 - CONTROL NUMBER
control field 2023020160
003 - CONTROL NUMBER IDENTIFIER
control field DLC
005 - DATE AND TIME OF LATEST TRANSACTION
control field 20250407114737.0
008 - FIXED-LENGTH DATA ELEMENTS--GENERAL INFORMATION
fixed length control field 230506s2023 nyu c b 000 1 eng
010 ## - LIBRARY OF CONGRESS CONTROL NUMBER
LC control number 2023020160
020 ## - INTERNATIONAL STANDARD BOOK NUMBER
International Standard Book Number 9780062995957
Qualifying information (hardback)
020 ## - INTERNATIONAL STANDARD BOOK NUMBER
Cancelled/invalid ISBN 9780062995971
Qualifying information (ebook)
040 ## - CATALOGING SOURCE
Original cataloging agency DLC
Language of cataloging eng
Description conventions rda
Transcribing agency DLC
Modifying agency TnLvILS
042 ## - AUTHENTICATION CODE
Authentication code pcc
-- cyac
043 ## - GEOGRAPHIC AREA CODE
Geographic area code n-usp--
092 ## - LOCALLY ASSIGNED DEWEY CALL NUMBER (OCLC)
Classification number junior fiction
Item number Parry
100 1# - MAIN ENTRY--PERSONAL NAME
Personal name Parry, Rosanne,
Relator term author.
9 (RLIN) 5766931
245 12 - TITLE STATEMENT
Title A horse named Sky /
Statement of responsibility, etc Rosanne Parry ; illustrations by Kirbi Fagan.
250 ## - EDITION STATEMENT
Edition statement First edition.
264 #1 - Production, Publication, Distribution, Manufacture, and Copyright Notice.
Place of production, publication, distribution, manufacture New York :
Name of producer, publisher, distributor, manufacturer Greenwillow Books, An Imprint of HarperCollinsPublishers,
Date of production, publication, distribution, manufacture, or copyr [2023]
300 ## - PHYSICAL DESCRIPTION
Extent 272 pages ;
Dimensions 22 cm.
336 ## - Content Type
Content type term text
336 ## - Content Type
Content type term still image
337 ## - Media type
Media type term unmediated
338 ## - Carrier type
Carrier type term volume
490 ## - SERIES STATEMENT
Series statement Voice of the Wilderness :
Volume number/sequential designation book 3.
504 ## - BIBLIOGRAPHY, ETC. NOTE
Bibliography, etc Includes bibliographical references.
520 ## - SUMMARY, ETC.
Summary, etc Young wild colt Sky must find his way over rough terrain to rejoin his family after being captured for the Pony Express.
521 ## - TARGET AUDIENCE NOTE
Target audience note Ages 8-12.
Source Greenwillow Books, An Imprint of HarperCollinsPublishers.
521 ## - TARGET AUDIENCE NOTE
Target audience note Grades 4-6.
Source Greenwillow Books, An Imprint of HarperCollinsPublishers.
650 #0 - SUBJECT ADDED ENTRY--TOPICAL TERM
Topical term or geographic name as entry element Wild horses
Form subdivision Juvenile fiction.
9 (RLIN) 5701003
650 #0 - SUBJECT ADDED ENTRY--TOPICAL TERM
Topical term or geographic name as entry element Captive wild animals
Form subdivision Juvenile fiction.
9 (RLIN) 6542499
650 #0 - SUBJECT ADDED ENTRY--TOPICAL TERM
Topical term or geographic name as entry element Pony express
Form subdivision Juvenile fiction.
9 (RLIN) 6501359
650 #1 - SUBJECT ADDED ENTRY--TOPICAL TERM
Topical term or geographic name as entry element Wild horses
Form subdivision Fiction.
9 (RLIN) 6400648
650 #1 - SUBJECT ADDED ENTRY--TOPICAL TERM
Topical term or geographic name as entry element Captive wild animals
Form subdivision Fiction.
9 (RLIN) 5798963
650 #1 - SUBJECT ADDED ENTRY--TOPICAL TERM
Topical term or geographic name as entry element Pony express
Form subdivision Fiction.
9 (RLIN) 6497966
651 #0 - SUBJECT ADDED ENTRY--GEOGRAPHIC NAME
Geographic name West (U.S.)
General subdivision History
Chronological subdivision 19th century
Form subdivision Juvenile fiction.
9 (RLIN) 6542500
651 #1 - SUBJECT ADDED ENTRY--GEOGRAPHIC NAME
Geographic name West (U.S.)
General subdivision History
Chronological subdivision 19th century
Form subdivision Fiction.
9 (RLIN) 5724814
655 #7 - INDEX TERM--GENRE/FORM
Genre/form data or focus term Animal fiction.
Source of term lcgft.
9 (RLIN) 5748285
655 #7 - INDEX TERM--GENRE/FORM
Genre/form data or focus term Historical fiction.
Source of term lcgft.
655 #7 - INDEX TERM--GENRE/FORM
Genre/form data or focus term Novels.
Source of term lcgft.
700 1# - ADDED ENTRY--PERSONAL NAME
Personal name Fagan, Kirbi,
Relator term illustrator.
9 (RLIN) 6542501
942 ## - ADDED ENTRY ELEMENTS (KOHA)
Source of classification or shelving scheme Dewey Decimal Classification
Koha item type BOOK
Holdings
Withdrawn status Lost status Source of classification or shelving scheme Damaged status Not for loan Collection code Home library Current library Shelving location Date acquired Source of acquisition Serial Enumeration / chronology Total Checkouts Total Renewals Full call number Barcode Date last seen Date checked out Cost, replacement price Price effective from Koha item type
    Dewey Decimal Classification     Junior Fiction Wasatch County Library Wasatch County Library Main Floor Junior Area 04/07/2025 Amazon #3 Voice of the Wilderness 4 4 J Parry 34301002151472 03/09/2026 03/06/2026 18.99 04/07/2025 BOOK
This project was made possible through a grant from the Institute of Museum and Library Service administered by the Utah State Library Division.

Wasatch County Library

  • 465 East 1200 South, Heber City, Utah 84032
  • Phone 435-654-1511 | Fax 435-654-6456

Hours

  • Monday - Friday 9:30 AM - 8:00 PM
  • Saturday 9:30 AM - 1:30 PM
  • Closed Sundays and Holidays